| 000 | 00729cab a2200241 4500 | ||
|---|---|---|---|
| 001 | WB3446-22 | ||
| 008 | 090401t1998 xxu||||| |||| 00| 0 eng d | ||
| 035 | _a(Sirsi) u90105 | ||
| 041 | _aeng | ||
| 245 | _aLeasehold proposals under fire | ||
| 260 | _c1998 | ||
| 350 | _a0 | ||
| 490 |
_aTimes _v2 December 1998, 37(1) |
||
| 520 | _aThe Leasehold Advisory Group has only partially welcomed last week`s consultation paper which proposes a fairer system for leaseholders. | ||
| 650 | _aCONSULTATION PAPER | ||
| 650 | _aLEASEHOLD ADVISORY GROUP | ||
| 650 | _aLEASEHOLD REFORM | ||
| 650 | _aLEASEHOLD SYSTEM | ||
| 650 | _aREFORM | ||
| 690 | _aLANDLORD AND TENANT-LEASEHOLD REFORM | ||
| 942 | _n0 | ||
| 948 | _c02/12/1998 | ||
| 999 |
_c57074 _d57074 |
||